000
00293nam a2200133Ia 4500
100
_a
Montgomery/ Douglas/ C.
942
_c
BK
654
_a
design
245
_a
Design & analysis of experiments
260
_b
John wiley
_a
Singapore
_c
1991
300
_a
649
546
_a
ENGLISH
999
_c
30402
_d
30402